000 01402nam a2200241Ia 4500
003 Ost
005 20260507075624.0
008 260507s9999||||xx |||||||||||||| ||und||
020 _a9789931658130
040 _cfsecg
041 _aara
082 _a332.77
100 _aحبة، صبرينة
_eمؤلف
245 0 _aالإعتماد المستندي القطعي :
_bدراسة في ظل النشرة رقم 600 /
_c صبرينة حبة
260 _aالجزائر:
_bدار هومة للطباعة والنشر والتوزيع,
_c2018
300 _a155 صفحة؛
_bإيضاحات ؛
_c24 سم
504 _aمراجع ص.157
520 _a الأعراف التجارية الدولية والاعتماد المستندي، مع طبيعة هذا الأخير وتصنيفاته، بالاضافة الى الأحكام الناشئة عن فتح وتنفيذ الاعتماد المستندي القطعي، والعلاقة القائمة بين المصرف والعميل الآمرمع التزام المصرف في مواجهة العميل الآمر، و فحص المستندات بمعيار تقني، مع تعديل مدة الفحص، ومسؤولية المصرف في حالة الغش وسوءنية المستفيد.
653 _aالاعتمادات المستندية
653 _aالبنوك
653 _aالتجارة الدولية
942 _cكتاب
999 _c45159
_d45159